Financial Accounting/ (Record no. 49940)

MARC details
000 -LEADER
fixed length control field 00345nam a22001337a 4500
008 - FIXED-LENGTH DATA ELEMENTS--GENERAL INFORMATION
fixed length control field 170411b xxu||||| |||| 00| 0 eng d
020 ## - INTERNATIONAL STANDARD BOOK NUMBER
International Standard Book Number 9781308198897
050 ## - LIBRARY OF CONGRESS CALL NUMBER
Classification number HF 5635
Item number .F56 2015
245 ## - TITLE STATEMENT
Title Financial Accounting/
Remainder of title ACCT 2111
260 ## - PUBLICATION, DISTRIBUTION, ETC. (IMPRINT)
Place of publication, distribution, etc USA
Name of publisher, distributor, etc McGrawHill
Date of publication, distribution, etc 2015
300 ## - PHYSICAL DESCRIPTION
Extent vi,688p
Dimensions 29cm
500 ## - GENERAL NOTE
General note includes index
942 ## - ADDED ENTRY ELEMENTS (KOHA)
Source of classification or shelving scheme Library of Congress Classification
Item type Book
Holdings
Withdrawn status Lost status Source of classification or shelving scheme Damaged status Not for loan Collection code Home library Current library Shelving location Date acquired Source of acquisition Cost, normal purchase price Full call number Barcode Copy number Price effective from Koha item type
    Library of Congress Classification     Non-fiction Bishop Okullu Memorial Library (Limuru Campus) Bishop Okullu Memorial Library (Limuru Campus) General Circulation 11/04/2017 Donation-BFA 2000.00 HF 5635 .F56 2015 052530 1 11/04/2017 Book